Online
Catalog
Normal view MARC view

Entry Nombre geográfico

Number of records used in: 2

001 - NÚMERO DE CONTROL

  • campo de control: 84130

003 - IDENTIFICADOR DEL NÚMERO DE CONTROL

  • campo de control: BNPHU

005 - FECHA Y HORA DE LA ÚLTIMA TRANSACCIÓN

  • campo de control: 20240411124027.0

008 - DATOS DE LONGITUD FIJA

  • campo de control de longitud fija: 230914|| aca||aabn | a|a d

040 ## - FUENTE DE LA CATALOGACIÓN

  • Centro catalogador/agencia de origen: DO-SdBNP
  • Lengua de catalogación: spa
  • Centro/agencia transcriptor: BNPHU
  • Normas de descripción: rda

151 ## - ENCABEZAMIENTO--NOMBRE GEOGRÁFICO

  • Nombre geográfico: República Dominicana --
  • Subdivisión general: Historia --
  • Subdivisión cronológica: Ocupación haitiana , 1822-1844

450 ## - TRAZADO DE VÉASE--TÉRMINO DE MATERIA

  • Término de materia o nombre geográfico como elemento de entrada: Repúblic Dominican --
  • Subdivisión general: History --
  • Subdivisión cronológica: Haitian occupation, 1822-1844

670 ## - FUENTE DE DATOS ENCONTRADOS

  • Cita de la fuente: Work cat.: (DO-SdBNP)54677: 2285 Reyes Sánchez, Miguel, 1966 -, La expedición haitiana de Dessalines a Santo Domingo /

Powered by Koha